01172nab a22002417a 4500003000400000005001700004008004100021040000700062100001900069245011300088260007300201300001300274500003500287505022400322505008200546650001800628650002300646650003400669650001800703650002900721650003100750773014900781OSt20251218075957.0190429b xxu||||| |||| 00| 0 spa d cPJ aPalma, Mariano10aProyectiles expansivos ¿su utilización representa un exceso en la legítima defensa? /cMariano Palma. cCiudad Autónoma de Buenos Aires :aThomson Reuters La Ley, b2025. ap. 37-42 aCita: TR LALEY AR/DOC/401/2025 aSumario: I. Introducción.— II. ¿Qué establece la reglamentación al respecto?— III. El principio de seguridad.— IV. Legítima defensa.— V. ¿Existe un exceso en la legítima defensa?— VI. Conclusión. tSi te interesa el texto completo, solicitalo a koha@justierradelfuego.gov.ar  0aDERECHO PENAL 0aLEGÍTIMA DEFENSA 0aEXCESO EN LA LEGITIMA DEFENSA 0aARMA DE FUEGO 0aDERECHOS DE LA VÍCTIMA 0aRESPONSABILIDAD DEL ESTADO0 02658tRevista de derecho penal y criminología. Nº 3 - Abril 2025dCiudad Autónoma de Buenos Aires : Thomson Reuters La Ley, 2017-x00347914